El orden de los conceptos
Salvato in:
| Autore principale: | |
|---|---|
| Natura: | Libro |
| Lingua: | spagnolo |
| Pubblicazione: |
Buenos Aires
Club de Lectores
1967
|
| Serie: | Biblioteca Argentina de Filosofía
|
| Soggetti: | |
| Tags: |
Aggiungi Tag
Nessun Tag, puoi essere il primo ad aggiungerne!!
|
MARC
| LEADER | 00000cam a2200000 a 4500 | ||
|---|---|---|---|
| 001 | UCZ2283 | ||
| 003 | CL-VaPUC | ||
| 008 | 950926e19670000AG |||||||||||||||||spa|d | ||
| 082 | 0 | 4 | |a 160 |b MAR |2 21 |
| 100 | |a Maritain, Jacques |e autor |9 255680 | ||
| 245 | 1 | 3 | |a El orden de los conceptos |
| 300 | |a v | ||
| 942 | |c BK | ||
| 945 | |d 19950926 00:00:00 |a lriquelm | ||
| 260 | |a Buenos Aires |b Club de Lectores |c 1967 | ||
| 500 | |a v.1: Lógica menor: lógica formal | ||
| 650 | 0 | |a Lógica |9 256849 | |
| 650 | 0 | |a Lógica matemática |9 262442 | |
| 650 | 0 | |a Filosofía |9 223554 | |
| 650 | 0 | |a Filosofía francesa |9 255698 | |
| 650 | 0 | |a Ciencia |9 255691 | |
| 583 | |a last modification |c 20170118 12:53:51 |k Rodrigo Vera | ||
| 490 | 0 | |a Biblioteca Argentina de Filosofía | |
| 999 | |c 238917 |d 238915 | ||
| 952 | |0 0 |1 0 |4 0 |6 160_000000000000000_MAR_1967 |7 0 |8 A |9 249523 |a BIBEDU |b BIBEDU |d 2019-11-18 |i 3347435 |o 160 MAR 1967 |p 3347435 |r 2019-11-18 |w 2019-11-18 |y BK |k FIL | ||
| 952 | |0 0 |1 0 |3 erb |4 0 |6 160_000000000000000_MAR_1967 |7 0 |8 A |9 249524 |a BIBEDU |b BIBEDU |e Villagrán Garnham, Jorge |h v.1 |i 5170826 |l 1 |o 160 MAR 1967 |p 5170826 |r 2024-04-19 |s 2024-04-18 |w 2019-11-18 |y BK |z Catalogado en:20150423 |k FIL | ||